Business Accounting 2. (Record no. 1361)

MARC details
005 - DATE AND TIME OF LATEST TRANSACTION
control field 20250414083554.0
020 ## - INTERNATIONAL STANDARD BOOK NUMBER
International Standard Book Number 978-1-292-08505-0
082 ## - DEWEY DECIMAL CLASSIFICATION NUMBER
Classification number 657 SAN
100 ## - MAIN ENTRY--PERSONAL NAME
Author name WOOD'S, F.
245 ## - TITLE STATEMENT
Title Business Accounting 2.
250 ## - EDITION STATEMENT
Edition statement 13th Ed.
260 ## - PUBLICATION, DISTRIBUTION, ETC.
Place of publication, distribution, etc. New York,
Name of publisher, distributor, etc. Pearson Education Limited,
Date of publication, distribution, etc. 2016.
300 ## - PHYSICAL DESCRIPTION
Extent xxi,856p.: ill.;
Other physical details Glossary & Index
Dimensions 24cm
700 ## - ADDED ENTRY--PERSONAL NAME
Other authors/Editors SANGSTER, A.
942 ## - ADDED ENTRY ELEMENTS (KOHA)
Source of classification or shelving scheme Dewey Decimal Classification
Koha item type Books
Holdings
Date last seen Total checkouts Full call number Barcode Price effective from Koha item type Lost status Source of classification or shelving scheme Damaged status Not for loan Withdrawn status Home library Current library Shelving location Date acquired Cost, normal purchase price
04/14/2025   657 SAN 0000005248 04/14/2025 Books   Dewey Decimal Classification       College of Business Education Main Library College of Business Education Main Library General Collection 04/14/2025 250875.00
04/14/2025   657 SAN 0000005249 04/14/2025 Books   Dewey Decimal Classification       College of Business Education Main Library College of Business Education Main Library General Collection 04/14/2025 250875.00
04/14/2025   657 SAN 0000005250 04/14/2025 Books   Dewey Decimal Classification       College of Business Education Main Library College of Business Education Main Library General Collection 04/14/2025 250875.00
04/14/2025   657 SAN 0000005251 04/14/2025 Books   Dewey Decimal Classification       College of Business Education Main Library College of Business Education Main Library Special Reserve Collection 04/14/2025 250875.00
04/14/2025   657 SAN 0000005252 04/14/2025 Books   Dewey Decimal Classification       College of Business Education Main Library College of Business Education Main Library General Collection 04/14/2025 250875.00
04/14/2025   657 SAN 0000005253 04/14/2025 Books   Dewey Decimal Classification       College of Business Education Main Library College of Business Education Main Library Special Reserve Collection 04/14/2025 250875.00
04/14/2025   657 SAN 0000005254 04/14/2025 Books   Dewey Decimal Classification       College of Business Education Main Library College of Business Education Main Library Special Reserve Collection 04/14/2025 250875.00